Online
Catalog

El Dorado / (Record no. 7102)

MARC details
000 -CABECERA
campo de control de longitud fija 01284cam a2200301 a 4500
001 - NÚMERO DE CONTROL
campo de control 000007321
005 - FECHA Y HORA DE LA ÚLTIMA TRANSACCIÓN
campo de control 20200929154131.0
008 - DATOS DE LONGITUD FIJA--INFORMACIÓN GENERAL
campo de control de longitud fija 960122s1993 ck a b f000 0 spa
020 ## - NÚMERO INTERNACIONAL ESTÁNDAR DEL LIBRO
ISBN cancelado o inválido 9586120856
020 ## - NÚMERO INTERNACIONAL ESTÁNDAR DEL LIBRO
Número Internacional Estándar del Libro 9586121763
035 ## - NÚMERO DE CONTROL DEL SISTEMA
Número de control de sistema (DLC) 96104701
040 ## - FUENTE DE LA CATALOGACIÓN
Centro catalogador/agencia de origen DO-SdBNP
Lengua de catalogación spa
Centro/agencia transcriptor BNPHU
Centro/agencia modificador DLC
082 ## - NÚMERO DE LA CLASIFICACIÓN DECIMAL DEWEY
Número de clasificación 910.09861
Número de documento/Ítem R846d
049 ## - FONDOS LOCALES (OCLC)
Fondos de biblioteca BNGR
100 1# - ENTRADA PRINCIPAL--NOMBRE DE PERSONA
Nombre de persona Rothlisberger, Ernst,
Fechas asociadas al nombre 1858-1926.
9 (RLIN) 20355
245 10 - MENCIÓN DE TÍTULO
Título El Dorado /
Mención de responsabilidad, etc. Ernst Rothlisberger ; prólogo, Jorge Orlando Melo G.
246 30 - FORMA VARIANTE DE TÍTULO
Título propio/Titulo breve Dorado
260 ## - PUBLICACIÓN, DISTRIBUCIÓN, ETC.
Lugar de publicación, distribución, etc. [Bogotá] :
Nombre del editor, distribuidor, etc. República de Colombia ;
-- Nación-Presidencia de la Republica ;
-- Comisión Preparatoria para el V Centenario del Descubrimiento de América ;
-- Instituto Colombia de Cultura ;
-- Biblioteca Nacional de Colombia,
Fecha de publicación, distribución, etc. c1993.
300 ## - DESCRIPCIÓN FÍSICA
Extensión 501 p. :
Otras características físicas il. ;
Dimensiones 24 cm.
490 1# - MENCIÓN DE SERIE
Mención de serie Biblioteca V Centenario Colcultura.
-- Viajeros por Colombia
504 ## - NOTA DE BIBLIOGRAFÍA, ETC.
Nota de bibliografía, etc. Incluye referencias bibliográficas.
651 #4 - PUNTO DE ACCESO ADICIONAL DE MATERIA--NOMBRE GEOGRÁFICO
Nombre geográfico Colombia
Subdivisión general Descripcionesy Viajes
9 (RLIN) 20356
651 #4 - PUNTO DE ACCESO ADICIONAL DE MATERIA--NOMBRE GEOGRÁFICO
Nombre geográfico Colombia
Subdivisión general Vida Social Y Costumbres
9 (RLIN) 18000
600 10 - PUNTO DE ACCESO ADICIONAL DE MATERIA--NOMBRE DE PERSONA
Nombre de persona Rothlisberger, Ernst,
Fechas asociadas al nombre 1858-1926
Subdivisión general VIAJE
Subdivisión geográfica COLOMBIA.
9 (RLIN) 20357
700 1# - PUNTO DE ACCESO ADICIONAL--NOMBRE DE PERSONA
Nombre de persona Melo G., Jorge Orlando,
Término indicativo de función/relación pról.
9 (RLIN) 20358
830 #0 - PUNTO DE ACCESO ADICIONAL DE SERIE-TÍTULO UNIFORME
Título uniforme Biblioteca V Centenario Colcultura,
Nombre de parte o sección de la obra Viajeros por Colombia
9 (RLIN) 20309
910 ## - DATOS DE OPCIÓN DEL USUARIO (OCLC)
Datos de opción del usuario Catalogación por copia / LC
Holdings
Estado de retiro Estado de pérdida Restricciones de uso No para préstamo Código de colección Localización permanente Ubicación/localización actual Ubicación en estantería Fecha de adquisición Número de inventario Total de préstamos Signatura topográfica completa Código de barras Fecha visto por última vez Precio válido a partir de Tipo de ítem Koha
    Préstamo interno   Monografías: Libros y Folletos General General En catalogación 07.09.2009 LF1   910.09861 R846d 7321-10 25.06.2020 25.06.2020 Préstamo interno

Powered by Koha